Solitons, nonlinear evolution equations and inverse scattering (Record no. 11816)
[ view plain ]
| 000 -LEADER | |
|---|---|
| fixed length control field | 01067cam a22002775a 4500 |
| 001 - CONTROL NUMBER | |
| control field | 42011 |
| 005 - DATE AND TIME OF LATEST TRANSACTION | |
| control field | 20170105102349.0 |
| 008 - FIXED-LENGTH DATA ELEMENTS--GENERAL INFORMATION | |
| fixed length control field | 920513s1991 enk 000 0 eng |
| 010 ## - LIBRARY OF CONGRESS CONTROL NUMBER | |
| LC control number | 92159759 |
| 020 ## - INTERNATIONAL STANDARD BOOK NUMBER | |
| International Standard Book Number | 0521387302 |
| 040 ## - CATALOGING SOURCE | |
| Original cataloging agency | DLC |
| Transcribing agency | DLC |
| Modifying agency | DLC |
| 082 ## - DEWEY DECIMAL CLASSIFICATION NUMBER | |
| Edition number | 530.1 ABL |
| 100 1# - MAIN ENTRY--PERSONAL NAME | |
| Personal name | Ablowitz, Mark J. |
| 245 10 - TITLE STATEMENT | |
| Title | Solitons, nonlinear evolution equations and inverse scattering |
| Statement of responsibility, etc. | M.J. Ablowitz and P.A. Clarkson. |
| 260 ## - PUBLICATION, DISTRIBUTION, ETC. | |
| Place of publication, distribution, etc. | Cambridge ; |
| -- | New York : |
| Name of publisher, distributor, etc. | Cambridge University Press, |
| Date of publication, distribution, etc. | 1991. |
| 300 ## - PHYSICAL DESCRIPTION | |
| Extent | xii, 516 p. ; |
| Dimensions | 23 cm. |
| 440 #0 - SERIES STATEMENT/ADDED ENTRY--TITLE | |
| Title | London Mathematical Society lecture note series ; |
| Volume/sequential designation | 149 |
| 654 ## - SUBJECT ADDED ENTRY--FACETED TOPICAL TERMS | |
| Non-focus term | Evolution equations, Nonlinear |
| 700 1# - ADDED ENTRY--PERSONAL NAME | |
| Personal name | Clarkson, Peter A., |
| Dates associated with a name | 1957- |
| 856 41 - ELECTRONIC LOCATION AND ACCESS | |
| Materials specified | Sample text |
| Uniform Resource Identifier | <a href="http://www.loc.gov/catdir/samples/cam034/92159759.html">http://www.loc.gov/catdir/samples/cam034/92159759.html</a> |
| 856 42 - ELECTRONIC LOCATION AND ACCESS | |
| Materials specified | Publisher description |
| Uniform Resource Identifier | <a href="http://www.loc.gov/catdir/description/cam025/92159759.html">http://www.loc.gov/catdir/description/cam025/92159759.html</a> |
| 856 41 - ELECTRONIC LOCATION AND ACCESS | |
| Materials specified | Table of contents |
| Uniform Resource Identifier | <a href="http://www.loc.gov/catdir/toc/cam027/92159759.html">http://www.loc.gov/catdir/toc/cam027/92159759.html</a> |
| 906 ## - LOCAL DATA ELEMENT F, LDF (RLIN) | |
| a | 7 |
| b | ibc |
| c | orignew |
| d | 3 |
| e | ncip |
| f | 19 |
| g | y-gencatlg |
| 942 ## - ADDED ENTRY ELEMENTS (KOHA) | |
| Source of classification or shelving scheme | |
| Koha item type | Book |
| Withdrawn status | Lost status | Damaged status | Not for loan | Collection code | Permanent Location | Current Location | Shelving location | Date acquired | Source of acquisition | Cost, normal purchase price | Total Checkouts | Full call number | Barcode | Date last seen | Date last checked out | Price effective from | Koha item type |
|---|---|---|---|---|---|---|---|---|---|---|---|---|---|---|---|---|---|
| Central Library (CL) | Central Library (CL) | General Stacks | 04/24/2013 | Progressive International Agencies | 9729.95 | 1 | 530.1 ABL | SEECS012323 | 08/23/2015 | 01/20/2014 | 04/24/2013 | Book |
